000 00615nam a2200181 a 4500
001 000028147
005 20200930031405.0
008 110407s1989 dr ac 000 0 spa d
040 _aDO-SdBNP
_bspa
_cBNPHU
082 _axxx
_bH765e
245 0 1 _aHomenaje a Eugenio María de Hostos en el 150 aniversario de sunacimiento.
246 1 4 _aDespués de 150 años un homenaje a Eugenio María de Hostos.
260 _aSanto Domingo :
_bCasa Weber,
_c1989.
300 _a[66 p.] :
_bil. ; retrs. ;
_c16 cm.
490 1 _aAntología de nuestra voz
_v399
830 0 _aAntología de nuestra voz
_n39
_955148
049 _aBNPD
999 _c27639
_d27639